[Event "South America-ch 2nd"]
[Site "Coliseo Miguel Grau"]
[Date "2024.08.01"]
[Round "6"]
[White "Retamozo, Kevin"]
[Black "Vivas Zamora, Fabian Ernesto"]
[Result "1/2-1/2"]
[WhiteElo "2070"]
[BlackElo "2386"]
[PlyCount "160"]
[EventDate "2024.07.29"]
[EventType "swiss"]
[EventRounds "9"]
[EventCountry "PER"]
[SourceTitle "EXT 2025"]
[Source "ChessBase"]
[SourceDate "2024.10.14"]
[SourceVersion "1"]
[SourceVersionDate "2024.10.14"]
[SourceQuality "1"]

1. d4 Nf6 2. c4 g6 3. Nf3 Bg7 4. g3 c5 5. d5 b5 6. cxb5 a6 7. bxa6 d6 8. Bg2 0-0 9. 0-0 Nbd7 10. Nc3 Nb6 11. Re1 Bxa6 12. Bf1 Qc8 13. Kg2 Qb7 14. e4 Nfd7 15. Qc2 Bxf1+ 16. Rxf1 f5 17. Rd1 Nf6 18. Ng5 fxe4 19. Ne6 Nbxd5 20. Nxd5 Nxd5 21. Nxf8 Rxf8 22. Kg1 Nf6 23. a4 Ng4 24. Be3 Qxb2 25. Qxb2 Bxb2 26. Ra2 Nxe3 27. fxe3 Bc3 28. a5 Ra8 29. a6 Kf7 30. a7 Ke6 31. Ra6 Kd7 32. Rb1 Bb4 33. Kf2 Kc7 34. Ke2 Kb7 35. Rba1 Bc3 36. R1a3 d5 37. R6a4 Be5 38. Rb3+ Kc7 39. Ra6 Bd6 40. Rb1 h5 41. Rd1 Kb7 42. Ra4 Kc6 43. Ra6+ Kb7 44. Ra2 Kc6 45. Rg1 Bc7 46. h4 Bb6 47. g4 Rxa7 48. Rxa7 Bxa7 49. gxh5 gxh5 50. Rg5 Kd6 51. Rxh5 d4 52. Rg5 d3+ 53. Kd2 c4 54. h5 c3+ 55. Kxc3 Bxe3 56. Rg3 Bf4 57. Rg4 Ke5 58. Rg6 Kf5 59. Rg8 Be5+ 60. Kd2 Bf4+ 61. Kc3 Bg5 62. Rg6 Bf6+ 63. Kd2 Bg5+ 64. Kc3 Bf6+ 65. Kd2 e6 66. Rg8 Bg5+ 67. Kc3 Kf4 68. Rg6 Kf5 69. Rg8 Bh6 70. Rg6 Bf4 71. Rg8 Be5+ 72. Kd2 Bf4+ 73. Kc3 Bg5 74. Rg6 Bd8 75. Kd2 e5 76. Rg8 Bg5+ 77. Kc3 Bf4 78. Rg6 Bg5 79. Rg8 Kf4 80. Rg6 Kf5 1/2-1/2

[Event "South America-ch 2nd"]
[Site "Coliseo Miguel Grau"]
[Date "2024.07.29"]
[Round "1"]
[White "Angeles Castillo, Bastian Missael Val"]
[Black "Retamozo, Kevin"]
[Result "0-1"]
[WhiteElo "1637"]
[BlackElo "2070"]
[PlyCount "98"]
[EventDate "2024.07.29"]
[EventType "swiss"]
[EventRounds "9"]
[EventCountry "PER"]
[SourceTitle "EXT 2025"]
[Source "ChessBase"]
[SourceDate "2024.10.14"]
[SourceVersion "1"]
[SourceVersionDate "2024.10.14"]
[SourceQuality "1"]

1. e4 c6 2. d4 d5 3. exd5 cxd5 4. Bd3 Nc6 5. c3 Nf6 6. Nf3 Bg4 7. 0-0 e6 8. Bf4 Bd6 9. Bxd6 Qxd6 10. Nbd2 0-0 11. Qe1 Nd7 12. Ng5 h6 13. f3 Bh5 14. Qh4 Bg6 15. Bxg6 fxg6 16. Nh3 e5 17. Qg3 Qf6 18. dxe5 Ncxe5 19. f4 Nf7 20. Rae1 Nd6 21. Qd3 Nb6 22. Rf3 Rae8 23. Rfe3 Rxe3 24. Rxe3 Rd8 25. b3 Nf5 26. Re1 Rc8 27. Nb1 d4 28. c4 Nd7 29. b4 a5 30. a3 axb4 31. axb4 Qb6 32. b5 Nc5 33. Qf1 Ne3 34. Qf3 Qe6 35. Nd2 Qf7 36. Qe2 Qf5 37. Rc1 Nd3 38. Ra1 Nc5 39. Rc1 Re8 40. Qf3 Qd3 41. Qf2 Ng4 42. Qf3 Qxd2 43. Rd1 Re1+ 44. Rxe1 Qxe1+ 45. Qf1 Qe3+ 46. Kh1 d3 47. g3 Qe2 48. Qg1 Qe4+ 49. Qg2 Qxg2+ 0-1

[Event "Arica op 8th"]
[Site "Arica"]
[Date "2022.12.21"]
[Round "9"]
[White "Olivares Olivares, Claudio"]
[Black "Retamozo, Kevin"]
[Result "1-0"]
[WhiteElo "2343"]
[BlackElo "2088"]
[PlyCount "91"]
[EventDate "2022.12.16"]
[EventType "swiss"]
[EventRounds "10"]
[EventCountry "CHI"]
[SourceTitle "CBM 212 Extra"]
[Source "ChessBase"]
[SourceDate "2023.03.31"]
[SourceVersion "1"]
[SourceVersionDate "2023.03.31"]
[SourceQuality "1"]

1. e4 c6 2. d4 d5 3. Nc3 dxe4 4. Nxe4 Nf6 5. Nxf6+ exf6 6. c3 Bd6 7. Bd3 0-0 8. Ne2 Re8 9. 0-0 Na6 10. Bf4 Nc7 11. Qd2 Nd5 12. Bxd6 Qxd6 13. Rae1 Be6 14. a3 Nb6 15. Qf4 Qd7 16. Ng3 Bc4 17. Bxc4 Nxc4 18. Nf5 g6 19. Nh6+ Kg7 20. Ng4 Qd6 21. Qh6+ Kg8 22. b3 f5 23. bxc4 fxg4 24. Qc1 Re6 25. c5 Qd5 26. Rxe6 Qxe6 27. Re1 Qc4 28. g3 b6 29. Re5 b5 30. Qe1 a5 31. Qe4 Rc8 32. Qxg4 Rf8 33. Qf3 Rc8 34. Re7 a4 35. h4 h5 36. Rd7 Rf8 37. Qxc6 Qxc3 38. Qxb5 Qxa3 39. Qc4 Qa1+ 40. Kg2 a3 41. Ra7 Qb2 42. c6 Qb1 43. Rxa3 Qe4+ 44. Rf3 Kh8 45. c7 Qb7 46. d5 1-0

[Event "Lima IRT op 4th"]
[Site "Lima"]
[Date "2014.01.27"]
[Round "7"]
[White "Retamozo, Kevin"]
[Black "Rengifo Blancas, Renzo Jhonathan"]
[Result "1/2-1/2"]
[WhiteElo "1998"]
[BlackElo "1796"]
[PlyCount "51"]
[EventDate "2014.01.22"]
[EventType "swiss"]
[EventRounds "7"]
[EventCountry "PER"]
[SourceTitle "CBM 158 Extra"]
[Source "ChessBase"]
[SourceDate "2014.02.28"]
[SourceVersion "1"]
[SourceVersionDate "2014.02.28"]
[SourceQuality "1"]

1. d4 Nf6 2. c4 c5 3. d5 b5 4. cxb5 a6 5. bxa6 g6 6. g3 Bxa6 7. Nc3 d6 8. Bg2 Bg7 9. Nf3 Nbd7 10. Rb1 Qa5 11. Bd2 0-0 12. 0-0 Bb7 13. b3 Qa7 14. Nh4 Nb6 15. e4 Ba6 16. Re1 Nfd7 17. Nf3 Bd3 18. Rc1 c4 19. Be3 Bxc3 20. Rxc3 Qxa2 21. Bh6 Rfe8 22. bxc4 Bxc4 23. Qd4 f6 24. Bh3 Nc5 25. Be6+ Nxe6 26. dxe6 1/2-1/2

[Event "Lima IRT op 4th"]
[Site "Lima"]
[Date "2014.01.26"]
[Round "5"]
[White "Retamozo, Kevin"]
[Black "Mamani, Joan Franco"]
[Result "1/2-1/2"]
[WhiteElo "1998"]
[BlackElo "2204"]
[PlyCount "76"]
[EventDate "2014.01.22"]
[EventType "swiss"]
[EventRounds "7"]
[EventCountry "PER"]
[SourceTitle "CBM 158 Extra"]
[Source "ChessBase"]
[SourceDate "2014.02.28"]
[SourceVersion "1"]
[SourceVersionDate "2014.02.28"]
[SourceQuality "1"]

1. d4 d6 2. Nf3 f5 3. c4 Nf6 4. Nc3 c6 5. g3 g6 6. Bg2 Bg7 7. 0-0 0-0 8. b3 Qe8 9. Ba3 h6 10. Re1 Ne4 11. Qc2 Nxc3 12. Qxc3 Nd7 13. e4 f4 14. e5 dxe5 15. Nxe5 Nxe5 16. dxe5 Qf7 17. gxf4 Qxf4 18. Bxe7 Rf5 19. Qg3 Qxg3 20. hxg3 Rxe5 21. Rxe5 Bxe5 22. Re1 Bg7 23. Bd6 Bf5 24. Be4 Bc3 25. Re3 Bxe4 26. Rxe4 Bf6 27. Bc5 Kf7 28. Kg2 b6 29. Be3 h5 30. f4 Rd8 31. Kf3 Rd1 32. Bf2 Rd2 33. Re2 Rxe2 34. Kxe2 Ke6 35. Kf3 Kf5 36. Be3 c5 37. a4 g5 38. fxg5 Bxg5 1/2-1/2

[Event "Lima Morales Memorial op 3rd"]
[Site "Lima"]
[Date "2013.??.??"]
[Round "7"]
[White "Henostroza, Cesar"]
[Black "Retamozo, Kevin"]
[Result "0-1"]
[WhiteElo "2202"]
[BlackElo "1916"]
[PlyCount "78"]
[EventDate "2013.02.02"]
[EventType "swiss"]
[EventRounds "11"]
[EventCountry "PER"]
[SourceTitle "CBM 153 Extra"]
[Source "ChessBase"]
[SourceDate "2013.04.22"]
[SourceVersion "1"]
[SourceVersionDate "2013.04.22"]
[SourceQuality "1"]

1. d4 Nf6 2. Nf3 g6 3. Bf4 Bg7 4. e3 d6 5. h3 0-0 6. Be2 c5 7. c4 cxd4 8. exd4 d5 9. Nc3 Nc6 10. 0-0 dxc4 11. Bxc4 Na5 12. Bd3 Be6 13. Re1 Rc8 14. Qd2 Nd5 15. Bh6 Nxc3 16. bxc3 Bd5 17. Bxg7 Kxg7 18. Ne5 h5 19. Rac1 Nc4 20. Qe2 b5 21. f4 e6 22. Rf1 a6 23. Rf2 Nd6 24. a4 Qe7 25. axb5 axb5 26. Qc2 Rc7 27. Qb1 Qf6 28. Qb4 Rd8 29. Qa5 Rdc8 30. Bxb5 Ne4 31. Rf3 Nd2 32. Rf2 Nb3 33. Qa3 Nxc1 34. Qxc1 Rxc3 35. Qb2 Rb3 36. Qe2 Rc1+ 37. Kh2 Rxh3+ 38. gxh3 Rh1+ 39. Kg3 h4+ 0-1

[Event "Piura op"]
[Site "Piura"]
[Date "2013.??.??"]
[Round "8"]
[White "Retamozo, Kevin"]
[Black "Bancayan Maco, Jose"]
[Result "1-0"]
[WhiteElo "1956"]
[BlackElo "2190"]
[PlyCount "54"]
[EventDate "2013.08.12"]
[EventType "swiss"]
[EventRounds "8"]
[EventCountry "PER"]
[SourceTitle "CBM 155 Extra"]
[Source "ChessBase"]
[SourceDate "2013.08.26"]
[SourceVersion "1"]
[SourceVersionDate "2013.08.26"]
[SourceQuality "1"]

1. d4 d5 2. c4 c6 3. Nf3 Bf5 4. Qb3 Qb6 5. Nc3 Qxb3 6. axb3 e6 7. c5 Nd7 8. b4 b5 9. Bf4 g6 10. e3 f6 11. Bxb5 cxb5 12. Nxb5 Kf7 13. Nc7 Rd8 14. Rxa7 g5 15. Bg3 Kg6 16. Ke2 h5 17. Na6 e5 18. h3 h4 19. Bh2 exd4 20. Nxd4 Ne5 21. Bxe5 fxe5 22. Nxf5 Kxf5 23. c6 Bd6 24. b5 Ne7 25. Rc1 Ra8 26. Rb7 Rac8 27. Rxe7 Bxe7 1-0

[Event "Lima Morales Memorial op 3rd"]
[Site "Lima"]
[Date "2013.??.??"]
[Round "2"]
[White "Retamozo, Kevin"]
[Black "Fernandez Sanchez, Fernando Miguel"]
[Result "0-1"]
[WhiteElo "1916"]
[BlackElo "2302"]
[PlyCount "80"]
[EventDate "2013.02.02"]
[EventType "swiss"]
[EventRounds "11"]
[EventCountry "PER"]
[SourceTitle "CBM 153 Extra"]
[Source "ChessBase"]
[SourceDate "2013.04.22"]
[SourceVersion "1"]
[SourceVersionDate "2013.04.22"]
[SourceQuality "1"]

1. d4 d5 2. c4 e6 3. Nf3 Nf6 4. e3 g6 5. b3 Bg7 6. Bb2 0-0 7. Bd3 c5 8. 0-0 cxd4 9. exd4 b6 10. Ne5 Bb7 11. Nd2 Nc6 12. Ndf3 Nd7 13. Qe2 Ndxe5 14. dxe5 Nb4 15. Ba3 a5 16. Rad1 dxc4 17. Bxg6 Bxf3 18. Qxf3 Qh4 19. Bxf7+ Kh8 20. Rd7 Rad8 21. Rxd8 Rxd8 22. Bxe6 Nd3 23. bxc4 Nxe5 24. Qg3 Qd4 25. Qb3 Nd3 26. Bd5 Nxf2 27. Qb2 Nd3+ 28. Qxd4 Bxd4+ 29. Kh1 b5 30. Rf8+ Rxf8 31. Bxf8 b4 32. g3 Bc5 33. Bh6 a4 34. Kg2 b3 35. axb3 a3 36. Bd2 Bb4 37. Be3 Bc3 38. c5 a2 39. c6 a1Q 40. c7 Qa6 0-1

[Event "Piura op"]
[Site "Piura"]
[Date "2013.??.??"]
[Round "4"]
[White "Retamozo, Kevin"]
[Black "Padilla, Hugo"]
[Result "0-1"]
[WhiteElo "1956"]
[BlackElo "2223"]
[PlyCount "72"]
[EventDate "2013.08.12"]
[EventType "swiss"]
[EventRounds "8"]
[EventCountry "PER"]
[SourceTitle "CBM 155 Extra"]
[Source "ChessBase"]
[SourceDate "2013.08.26"]
[SourceVersion "1"]
[SourceVersionDate "2013.08.26"]
[SourceQuality "1"]

1. d4 c5 2. d5 Nf6 3. c4 e6 4. Nc3 exd5 5. cxd5 d6 6. g3 g6 7. Bg2 Bg7 8. Nf3 0-0 9. 0-0 Na6 10. Re1 Nc7 11. e4 Bg4 12. a4 Nd7 13. h3 Bxf3 14. Bxf3 a6 15. Be2 Rb8 16. a5 b5 17. axb6 Rxb6 18. Qc2 Nb5 19. Nxb5 axb5 20. Kg2 Re8 21. Be3 Rb7 22. h4 Nf6 23. Bf3 Nd7 24. h5 g5 25. h6 Bxh6 26. Rh1 Qf6 27. Bg4 Bg7 28. Rxh7 Qxb2 29. Rxg7+ Qxg7 30. Rh1 b4 31. Qa4 Nf6 32. Rh5 b3 33. Rxg5 b2 34. Rxg7+ Kxg7 35. e5 Rxe5 36. Qf4 Ng8 0-1

[Event "Lima Morales Memorial op 3rd"]
[Site "Lima"]
[Date "2013.??.??"]
[Round "9"]
[White "Retamozo, Kevin"]
[Black "Pajuelo Rojas, Joel"]
[Result "1-0"]
[WhiteElo "1916"]
[BlackElo "1558"]
[PlyCount "63"]
[EventDate "2013.02.02"]
[EventType "swiss"]
[EventRounds "11"]
[EventCountry "PER"]
[SourceTitle "CBM 153 Extra"]
[Source "ChessBase"]
[SourceDate "2013.04.22"]
[SourceVersion "1"]
[SourceVersionDate "2013.04.22"]
[SourceQuality "1"]

1. d4 Nf6 2. c4 g6 3. g3 Bg7 4. Bg2 0-0 5. Nc3 d6 6. Nf3 c5 7. d5 Nbd7 8. 0-0 Ng4 9. Qc2 a6 10. a4 Nge5 11. Nd2 Rb8 12. h3 Nf6 13. e4 Ne8 14. f4 Nd7 15. Nf3 Nc7 16. a5 b5 17. axb6 Nxb6 18. b3 e6 19. Bb2 f5 20. exf5 Rxf5 21. dxe6 Bxe6 22. Ng5 Bc8 23. g4 Rf8 24. Nd5 Ncxd5 25. Bxg7 Ne3 26. Qc3 Nxf1 27. Bh8 Rf7 28. Nxf7 Kxf7 29. Qg7+ Ke8 30. Re1+ Ne3 31. Bc6+ Bd7 32. Rxe3+ 1-0

[Event "Lima Engineers 3rd"]
[Site "Lima"]
[Date "2012.07.21"]
[Round "6.5"]
[White "Vasquez, Cesar"]
[Black "Retamozo, Kevin"]
[Result "1-0"]
[WhiteElo "1642"]
[BlackElo "1887"]
[PlyCount "78"]
[EventDate "2012.07.16"]
[EventType "swiss"]
[EventRounds "7"]
[EventCountry "PER"]
[SourceTitle "EXT 2024"]
[Source "ChessBase"]
[SourceDate "2023.10.10"]
[SourceVersion "1"]
[SourceVersionDate "2023.10.10"]
[SourceQuality "1"]

1. e4 c5 2. Nf3 d6 3. d4 cxd4 4. Nxd4 Nf6 5. Nc3 a6 6. Be3 e5 7. Nb3 Be6 8. Qd2 Nbd7 9. f3 Rc8 10. g4 b5 11. g5 Nh5 12. Qf2 Be7 13. h4 Nf4 14. 0-0-0 b4 15. Nd5 Nxd5 16. exd5 Bf5 17. Bd3 Bxd3 18. Rxd3 0-0 19. f4 f6 20. Qg3 fxg5 21. hxg5 g6 22. Qh3 Rf7 23. f5 Qc7 24. Rd2 Nf8 25. fxg6 Nxg6 26. Qe6 Nf8 27. Qh3 Rg7 28. Rg1 Rd8 29. Kb1 a5 30. Rdg2 Rg6 31. Nd2 Qc8 32. Qf3 Nd7 33. Ne4 Rf8 34. Qh3 Qd8 35. Rh1 Rf7 36. Rgh2 Rgg7 37. Rf1 Qa8 38. Qg4 Nf8 39. Qf3 Kh8 1-0

[Event "Lima Engineers 3rd"]
[Site "Lima"]
[Date "2012.07.19"]
[Round "4.1"]
[White "Principe, Gerson"]
[Black "Retamozo, Kevin"]
[Result "1-0"]
[WhiteElo "2165"]
[BlackElo "1887"]
[PlyCount "67"]
[EventDate "2012.07.16"]
[EventType "swiss"]
[EventRounds "7"]
[EventCountry "PER"]
[SourceTitle "EXT 2024"]
[Source "ChessBase"]
[SourceDate "2023.10.10"]
[SourceVersion "1"]
[SourceVersionDate "2023.10.10"]
[SourceQuality "1"]

1. d4 Nf6 2. Nf3 g6 3. c4 Bg7 4. Nc3 0-0 5. e4 d6 6. Be2 e5 7. d5 a5 8. Bg5 h6 9. Bh4 Qe8 10. Nd2 g5 11. Bg3 Nxe4 12. Ndxe4 f5 13. Nd2 f4 14. Nde4 Bf5 15. Bg4 Bg6 16. 0-0 Nd7 17. h3 fxg3 18. fxg3 Rxf1+ 19. Qxf1 Nf8 20. Bf5 Bf7 21. Qf2 Qe7 22. Rf1 c6 23. Rd1 c5 24. Rf1 Be8 25. a4 Bf7 26. Nd1 Ng6 27. Ne3 h5 28. Bxg6 Bxg6 29. Nf5 Qd7 30. Nxg5 Rf8 31. g4 hxg4 32. hxg4 e4 33. Ne6 Bd4 34. Nexd4 1-0

[Event "Lima Engineers 3rd"]
[Site "Lima"]
[Date "2012.07.18"]
[Round "3.3"]
[White "Retamozo, Kevin"]
[Black "Bayona, Miguel"]
[Result "1-0"]
[WhiteElo "1887"]
[BlackElo "2036"]
[PlyCount "69"]
[EventDate "2012.07.16"]
[EventType "swiss"]
[EventRounds "7"]
[EventCountry "PER"]
[SourceTitle "EXT 2024"]
[Source "ChessBase"]
[SourceDate "2023.10.10"]
[SourceVersion "1"]
[SourceVersionDate "2023.10.10"]
[SourceQuality "1"]

1. e4 e6 2. d3 d5 3. Nd2 Nc6 4. Ngf3 Nf6 5. g3 Bc5 6. Bg2 dxe4 7. dxe4 e5 8. 0-0 0-0 9. Qe2 Qe7 10. c3 a5 11. a3 b6 12. Nc4 Ba6 13. b3 h6 14. Bh3 Ne8 15. Be3 Bxe3 16. Qxe3 Bxc4 17. bxc4 Nd6 18. Qe2 Nd8 19. Rfd1 N8b7 20. Rd5 f6 21. Nh4 Rfe8 22. Rad1 Rad8 23. Bg4 c6 24. R5d2 Nc5 25. Bf5 Na4 26. Qg4 g5 27. Qh5 gxh4 28. Rxd6 Nc5 29. Rxd8 Rxd8 30. Qg6+ Kf8 31. Qxh6+ Kg8 32. Bh7+ Kf7 33. Bg6+ Ke6 34. Bf5+ Kf7 35. Qh7+ 1-0

[Event "Circulo Peruano op 2nd"]
[Site "Lima"]
[Date "2012.02.29"]
[Round "7"]
[White "Cuellar, Diego"]
[Black "Retamozo, Kevin"]
[Result "1/2-1/2"]
[WhiteElo "2247"]
[BlackElo "1858"]
[PlyCount "62"]
[EventDate "2012.02.23"]
[EventType "swiss"]
[EventRounds "7"]
[EventCountry "PER"]
[SourceTitle "EXT 2013"]
[Source "ChessBase"]
[SourceDate "2012.11.22"]
[SourceVersion "1"]
[SourceVersionDate "2012.11.22"]
[SourceQuality "1"]

1. e4 c5 2. Nc3 Nc6 3. Bb5 Nd4 4. Bc4 g6 5. Nf3 Bg7 6. Nxd4 cxd4 7. Qf3 e6 8. Nb5 d6 9. Qa3 Bf8 10. Nxd4 d5 11. Bb5+ Bd7 12. Qd3 Bg7 13. exd5 exd5 14. 0-0 Ne7 15. Bxd7+ Qxd7 16. b3 0-0 17. Ba3 Rfc8 18. Rae1 Nc6 19. Nxc6 Qxc6 20. c3 b5 21. Qf3 d4 22. Qxc6 Rxc6 23. cxd4 Bxd4 24. Rc1 Re6 25. Bc5 Bxc5 26. Rxc5 Rd8 27. Rc2 a5 28. Rd1 Rd4 29. Kf1 a4 30. bxa4 Rxa4 31. d4 Rd6 1/2-1/2